Tus zonas erróneas

Պահպանված է:
Մատենագիտական մանրամասներ
Հիմնական հեղինակ: Dyer, Wayne W (Հեղինակ)
Ձևաչափ: Գիրք
Լեզու:իսպաներեն
Հրապարակվել է: Barcelona Grijalbo 1978
Հրատարակություն:9a. ed
Խորագրեր:
Ցուցիչներ: Ավելացրեք ցուցիչ
Չկան պիտակներ, Եղեք առաջինը, ով նշում է այս գրառումը!

MARC

LEADER 00000nam a2200000 a 4500
001 UCM6423
003 CL-VaPUC
008 021108e19780000SP |||||||||||||||||spa|d
082 0 4 |a 158.1  |b DYE  |2 21 
100 0 |a Dyer, Wayne W  |e author  |9 472289 
245 1 0 |a Tus zonas erróneas 
250 |a 9a. ed 
300 |a 321 p 
942 |c BK 
945 |d 20021108 00:00:00  |a cmena 
260 |a Barcelona  |b Grijalbo  |c 1978 
650 0 |a Autosuperación   |9 463054 
650 0 |a Desarrollo individual   |9 307875 
650 0 |a Personalidad   |9 307255 
583 |a last modification  |c 20021108 00:00:00  |k Rodrigo Vera 
999 |c 301827  |d 301825 
952 |0 0  |1 0  |4 0  |6 158_100000000000000_DYE_1978  |7 0  |8 A  |9 361486  |a BIBGIM  |b BIBGIM  |d 2019-11-21  |i 3786870  |l 2  |m 2  |o 158.1 DYE 1978  |p 3786870  |r 2025-01-15  |s 2024-03-27  |w 2019-11-21  |y BK  |k GIM